Buteurs en Equipe de France en 2025 - Statistiques

Statistiques générales
  • Ce quiz a été pris 120 fois
    15 depuis la dernière actualisation
  • Le résultat moyen est 11 sur 12
Statistiques - réponses
Nombre de buts Poste Club(s) Joueurs % Correct
1 MIL Olympique de Marseille / AC Milan Adrien Rabiot
100%
7 ATT Real Madrid Kylian Mbappé
100%
4 ATT Bayern Munich Michael Olise
100%
1 ATT Paris Saint-Germain Ousmane Dembélé
100%
1 ATT Olympique Lyonnais / Manchester City Rayan Cherki
100%
1 ATT Paris Saint-Germain Bradley Barcola
92%
1 ATT RC Lens Florian Thauvin
92%
1 ATT AS Monaco Magnhes Akliouche
92%
1 ATT Liverpool Hugo Ekitike
85%
2 ATT Crystal Palace Jean-Phillipe Mateta
85%
1 ATT Juventus / Tottenham Randal Kolo Muani
77%
1 ATT AC Milan Christopher Nkunku
69%
Aucun quiz correspondant
Distribution des résultats
% des personnes avec chaque résultat
Percentile par nombre de réponses
Votre historique - résultats
Vous n’avez pas pris ce quiz depuis la dernière actualisation